01477nam a2200349 a 4500001001000000003000500010005001700015008004100032010001100073011001100084040000900095090001000104100004200114245019500156260004100351500006000392502012400452590004100576590004100617590004000658590004000698590004000738650003900778650003200817650003500849856007000884901000700954942001000961942000600971999001900977952013100996000115771CHAP20220329144547.0190703s2018 mx a sm |||||||spa d a112232 a113204 cCHAP aTesis1 aMesino Santiago, Rosa Andrea.913650710aCaracteristicas de la faena y prevalencia de tuberculosis bovina (Mycobacterium bovis) en el rastro municipal de Coyuca de Benitez, Guerrero /h[En línea]cpor Rosa Andrea Mesino Santiago. aChapingo, Méx. :bEl autor,c2018. aPara ver el contenido del material haga clic en la liga aTesis (Ing. Agr. Zootecnista) -- Colegio Superior Agropecuario del Estado de Guerrero. Centro de Estudios Profesionales aBATCH-UPDb10c20190716lUCH01h1152 aE11695DGDb10c20190716lUCH01h1151 aE8697GMMb05c20190703lUCH01h1306 aE8697GMMb05c20190703lUCH01h1307 aE8697GMMb05c20190703lUCH01h1501 aGanado vacunoxEnfermedades945460 aGanado vacunoxRazas945509 aTuberculosis en ganado9115475 aFinding aiduhttp://10.13.5.2/tesis/sist115771.pdfzTeclea aquí aBK cTESIS n0 c112232d112232 00104054718TESISaBCbBCd2019-07-03fTESISl0oTesisp115782-10r2019-12-31 00:00:00w2019-12-31yTESISzRecien adquirido